000 00453nam a22001697a 4500
005 20231129143859.0
008 231129b |||||||| |||| 00| 0 eng d
020 _a086990826 X
041 _aAfrikaans
082 _a340.02 POT
100 _lAfrikaans
245 _aFakulteit Regte /
_cHL Swanepoellesings
260 _c1983
300 _b139 pages ;
_c21 cm.
650 _aLegal practice
_bLaw
942 _cBK
_6ALISON_BN_VRIES
999 _c1062
_d1062